Headway. Pre-Intermediate. Workbook. Without Key.

Salvato in:
Dettagli Bibliografici
Autori principali: Soars, John (Autore), Soars, Liz (Autore)
Natura: Libro
Lingua:inglese
Pubblicazione: Oxford : Oxford University Press, 1996
Edizione:15.impression
Tags: Aggiungi Tag
Nessun Tag, puoi essere il primo ad aggiungerne!!

MARC

LEADER 00000nam a22000003a 4500
001 stu24976
005 20150617225742.5
008 980226s1996------------------------eng-d
020 |a 0-19-433998-X 
040 |a STU  |b slo 
041 0 |a eng 
080 |a 802.0 
100 1 |a Soars, John  |4 aut 
245 1 |a Headway. Pre-Intermediate. Workbook. Without Key. 
250 |a 15.impression 
260 |a Oxford :  |b Oxford University Press,  |c 1996 
300 |a 79 s 
700 1 |a Soars, Liz  |4 aut 
996 |b C95252  |c C*95252  |l CCVII  |s P  |a 0  |w stu24976_0001